| 000 | 00716nam a2200229 a 4500 | ||
|---|---|---|---|
| 008 | |||
| 020 | _a0080219799 (cased) | ||
| 049 | _aMAIN | ||
| 090 |
_aZ699 _b.I4733 CHA |
||
| 100 | 1 | _aChartrand, Robert Lee. | |
| 245 | 1 | 0 |
_aInformation technology serving society / _cedited by Robert Lee Chartrand, James W. Morentz. |
| 260 |
_aOxford ; _aNew York : _bPergamon Press |
||
| 300 |
_axiii, 150 p. ; _c26 cm. |
||
| 500 | _aIncludes index. | ||
| 650 | _aInformation storage and retrieval systems. | ||
| 700 | _aMorentz, James W. | ||
| 907 |
_a.b10194769 _b01-03-07 _c07-03-06 |
||
| 003 | |||
| 005 | 20230123134157.0 | ||
| 040 | _cNUST | ||
| 942 |
_cBOOKS _kZ699 _m.I4733 CHA |
||
| 999 |
_c161373 _d161373 |
||